| 000 -LEADER |
| fixed length control field |
00847nam a22001577a 4500 |
| 005 - DATE AND TIME OF LATEST TRANSACTION |
| control field |
20260124093514.0 |
| 008 - FIXED-LENGTH DATA ELEMENTS--GENERAL INFORMATION |
| fixed length control field |
230713b ||||| |||| 00| 0 eng d |
| 040 ## - CATALOGING SOURCE |
| Transcribing agency |
SSBUL |
| Modifying agency |
SSBUL |
| 082 ## - DEWEY DECIMAL CLASSIFICATION NUMBER |
| Edition number |
23 |
| Classification number |
၃၂၈.၅၉၁ ပြည် ၁၆၁၃၂ (S-SAT) |
| 245 ## - TITLE STATEMENT |
| Title |
ပြည်သူ့လွှတ်တော်နှင့် ပြည်သူ့ကောင်စီအဆင့်ဆင့်ရွေးချယ် တင်မြှောက်ခြင်းဆိုင်ရာ ဥပဒေ / |
| 300 ## - PHYSICAL DESCRIPTION |
| Extent |
၆၂ စာမျက်နှာ၊ |
| Dimensions |
၂၀ စင်တီ။ |
| 500 ## - GENERAL NOTE |
| General note |
S-SAT: Dr. Prof Sai Aung Tun |
| 650 ## - SUBJECT ADDED ENTRY--TOPICAL TERM |
| Topical term or geographic name entry element |
မြန်မာနိုင်ငံပြည်သူ့လွှတ်တော်။ |
| 9 (RLIN) |
27829 |
|
| Topical term or geographic name entry element |
ဥပဒေ |
| Geographic subdivision |
မြန်မာနိုင်ငံ။ |
| 9 (RLIN) |
11676 |
| 942 ## - ADDED ENTRY ELEMENTS (KOHA) |
| Source of classification or shelving scheme |
|
| Koha item type |
Book (Short term) |